| 000 | 00863cam a2200253 a 4500 | ||
|---|---|---|---|
| 999 |
_c3211 _d3211 |
||
| 001 | 11861710 | ||
| 003 | GBCCL | ||
| 005 | 20241126110450.0 | ||
| 008 | 991207s2000 mou 000 0 eng | ||
| 010 | _a 99050850 | ||
| 020 | _a0570052432 | ||
| 020 | _a057005267X (cover) | ||
| 040 |
_aDLC _cDLC _dDLC |
||
| 050 | 0 | 0 |
_aBV4527 _bD84 2000 |
| 082 | 0 | 0 |
_a242.643 _221 _bDUE |
| 100 | 1 |
_aDuerr, Catherine. _96635 |
|
| 245 | 1 | 0 |
_aHolding hands : _bdevotions for women / _cby Catherine Duerr. |
| 260 |
_aSt. Louis, MO : _bCPH, _cc2000. |
||
| 300 |
_a207 p. ; _c21 cm. |
||
| 650 | 0 |
_aChristian women _xReligious life. _93732 |
|
| 906 |
_a7 _bcbc _corignew _d1 _eecip _f19 _gy-gencatlg |
||
| 942 |
_2ddc _cBK |
||